| 000 -LEADER |
| fixed length control field |
01540nam a2200229Ia 4500 |
| 001 - CONTROL NUMBER |
| control field |
19366 |
| 003 - CONTROL NUMBER IDENTIFIER |
| control field |
GE_BSU |
| 008 - FIXED-LENGTH DATA ELEMENTS--GENERAL INFORMATION |
| fixed length control field |
181216s||||||||xx |||||||||||||| ||und|| |
| 040 ## - CATALOGING SOURCE |
| Transcribing agency |
GE_BSU |
| 080 ## - UNIVERSAL DECIMAL CLASSIFICATION NUMBER |
| Universal Decimal Classification number |
622.272(075.8) |
| 245 ## - TITLE STATEMENT |
| Title |
ფენოვან საბადოთა მიწისქვეშა დამუშავების ტექნოლოგია |
| 245 ## - TITLE STATEMENT |
| Remainder of title |
სახელმძღვ. უმაღლ. სასწავლებლების "მარგი წიაღისეულის საბადოთა მიწისქვეშა დამუშავების ტექნოლოგიისა და კომპლექსური მექანიზაციის" სპეციალობის სტუდენტებისათვის |
| 245 ## - TITLE STATEMENT |
| Statement of responsibility, etc. |
ა.ა. ბორისოვის საერთო რედ.[მთარგმ.ვ.ხუროშვილი,ვ.კურცხალია და სხვ,რედ:ე.ცისკარიშვილი] |
| 260 ## - PUBLICATION, DISTRIBUTION, ETC. |
| Place of publication, distribution, etc. |
თბილისი |
| 260 ## - PUBLICATION, DISTRIBUTION, ETC. |
| Name of publisher, distributor, etc. |
განათლება |
| 260 ## - PUBLICATION, DISTRIBUTION, ETC. |
| Date of publication, distribution, etc. |
1977 |
| 300 ## - PHYSICAL DESCRIPTION |
| Extent |
602გვ;ილ,22სმ |
| 653 ## - INDEX TERM--UNCONTROLLED |
| Uncontrolled term |
ინჟინერია |
| 653 ## - INDEX TERM--UNCONTROLLED |
| Uncontrolled term |
ფენოვან საბადოთა მიწისქვეშა დამუშავების ტექნოლოგია |
| 653 ## - INDEX TERM--UNCONTROLLED |
| Uncontrolled term |
ფენოვანი საბადოების მიწისქვეშა დამუშავება; |
| 942 ## - ADDED ENTRY ELEMENTS (KOHA) |
| Koha item type |
წიგნი |